Little House on The Prairie Trivia - Statistics

General Stats
  • This quiz has been taken 488 times
  • The average score is 14 of 23
Answer Stats
Hint Answer % Correct
How many season were there? 9
96%
Actor who plays Charles Ingalls Michael Landon
85%
Where do the series take place? Walnut Grove
79%
What other function does the church serve? School
77%
What is the name of Laura's sister? Mary Ingalls
73%
What is the name of the first Ingalls family dog? Jack
69%
When was the first season aired? 1974
68%
What is the first name from Nels Olesons wife? Harriet
68%
What charachter does the voice over that sometimes sounds at the end of an episode? Laura Ingalls
65%
Name of mean girl in the series? Nellie Oleson
63%
What is the name of Laura's husband? Almanzo Wilder
61%
What is the name of the youngest Ingalls family member? Grace Ingalls
61%
What is the name of the doctor? Doc. Baker
60%
What is the name of the boy who first got adopted by Charles and Caroline? Albert Ingalls
59%
Name of her brother? Willie Oleson
59%
And the second dog? Bandit
56%
And the girl? Cassandra
54%
And the second boy? James
54%
Where does Charles Ingalls mainly work? the Mill
48%
How is the store called? The Mercantile
43%
What actor plays Nels Oleson? Richard Bull
36%
What movie is considered to be the pilot of the series? Little house on the prairie
25%
What actor plays Adam Kendall? Linwood Boomer
23%
No matching quizzes found
Score Distribution
Percent of People with Each Score
Percentile by Number Answered
Your Score History
You have not taken this quiz